000 00586nam a2200205Ia 4500
005 20250923144626.0
008 008 250917s9999 xx 000 0 eng d
037 _aTextual
040 _aDSWL
_beng
_cDSWL
041 _aeng
_2eng
084 _aR6Vuu.M73<-L72, N52
_qDSWL
100 _aMullar, F.Max
_9826760
245 0 _aRammohan to Ramakrishna
_cby F.Max Mullar
260 _aCalcutta
_b Susil Gupta Ltd.
_c1952
300 _avii,165p.
365 _aINR
_b3
925 _g3
942 _cTEXL
_hR6Vuu.M73<-L72, N52
999 _c1441317
_d1441317